000 00597nam a22002057a 4500
003 OSt
005 20250730030052.0
008 250730b |||||||| |||| 00| 0 eng d
020 _a9718893091
040 _aDWCL-Main lib
_cOC
082 _aFil. 150.19 L175j 2000
100 _aLagmay, Alfredo V.
245 _a Journey of a humanist/
_cAlfredo V. Lagmay
260 _aQuezon City :
_bCSSP,
_cc2000.
300 _a283 pages :
_billustrations ;
_c23 cm.
650 _a1. Psychology.
650 _a2. . Educational psychology.
650 _a3. Humanism.
942 _2ddc
_cBK - FIL
_kFil.
_n0
999 _c3890
_d3890